000 01765cam a2200301 i 4500
001 4363
003 FISKH
005 20240816145736.0
008 130110s2013 nyu 000 1 eng
010 _a 2012050355
020 _a9780811220309 (alk. paper)
040 _aDLC
_beng
_cDLC
_erda
_dDLC
050 _aPQ2637.A82
082 _a843.914
100 1 _aSartre, Jean-Paul,
_d1905-1980.
245 1 0 _aNausea /
_cJean-Paul Sartre ; translated from the French by Lloyd Alexander ; foreword by Richard Howard ; introduction by James Wood.
260 _aPhnom Penh :
_bFootprints International School,
_c2024.
300 _a220 pages :
_b21 cm
336 _atext
_2rdacontent
337 _aunmediated
_2rdamedia
338 _avolume
_2rdacarrier
520 _aNausea is the story of Antoine Roque tin, a French writer who is horrified at his own existence. In impressionistic, diary form he ruthlessly catalogs his every feeling and sensation. His thoughts culminate in a pervasive, overpowering feeling of nausea which "spreads at the bottom of the viscous puddle, at the bottom of our time -- the time of purple suspenders and broken chair seats; it is made of wide, soft instants, spreading at the edge, like an oil stain. "Winner of the 1964 Nobel Prize in Literature (though he declined to accept it), Jean-Paul Sartre -- philosopher, critic, novelist, and dramatist -- holds a position of singular eminence in the world of French letters. La Nausea, his first and best novel, is a landmark in Existential fiction and a key work of the twentieth century.
650 _aExistentialism
_xFrench literature
700 1 _aAlexander, Lloyd,
_etranslator.
906 _a7
_bcbc
_corignew
_d1
_eecip
_f20
_gy-gencatlg
942 _2ddc
_cBK
_n0
999 _c4363
_d4363